000 00616nam a2200217 4500
003 OSt
005 20260422004214.0
006 a
008 240726b |||||||| |||| 00| 0 eng d
020 _a9780071289197
040 _aDWCL-Main lib.
_cOC
082 _2Seventh edition
_aCirc. 512.72 B974e 2011
100 _aBurton, David M.
245 _aElementary number theory /
250 _aSeventh edition
260 _aN.Y. :
_bMcGraw-Hill,
_cc2011.
300 _axii,
_b436 p. : ill. ;
_c24 cm.
504 _aIncludes index.
650 _a1. Number Theory.
942 _2ddc
_n0
_cBK-CIRC
_eSeventh edition
_kCirc.
999 _c2826
_d2826